000 00793nam a2200277Ia 4500
001 25975
005 20240114000905.0
007 ta
008 060503s1993 g b000 u 465 u
040 _aCotton College,Assam
041 _a465
082 _a001.642
_bGo 71 Th
100 _aGottfried, Byron S. .
245 0 _aTheory and Problems of Programming With Pascal /
_cByron S.Gottfried.
_hTextual Documents
250 _a1st ed. /
260 _aNew Delhi :
_bTata Mcgraw-Hill Publishing Company Ltd ,
_c1993.
300 _a428p. ;
_c22cm.
440 _aSchaum`s Outline ,
490 _aSchaum`s Outline ,
653 _aComputer Programming-Pascal
653 _aPascal
653 _aG-Computer Science
942 _2ddc
_cBK
999 _c25957
_d25957